Within Temptation - Discography - Statistics

General Stats
  • This quiz has been taken 122 times
  • The average score is 26 of 60
Answer Stats
Hint Answer % Correct
Mother Earth Mother Earth
87%
Ice Queen
79%
Angels
77%
Memories
75%
Stand My Ground
70%
The Heart of Everything
70%
Frozen
69%
Paradise (What About Us?)
69%
Shot in the Dark
69%
Faster
67%
Sinéad
66%
Enter
62%
Jillian (I'd Give My Heart)
59%
What Have You Done
59%
Fire and Ice
57%
Murder
54%
Iron
52%
Somewhere
52%
The Truth Beneath the Rose
52%
All I Need
51%
Aquarius
51%
Our Solemn Hour
51%
Pale
51%
The Heart of Everything The Howling
49%
In the Middle of the Night
48%
The Silent Force See Who I Am
48%
Forgiven
46%
Dangerous
44%
Stairway to the Skies
44%
Whole World Is Watching
44%
A Demon's Fate
43%
And We Run
43%
Where is the Edge
41%
Hydra Let Us Burn
39%
Hand of Sorrow
38%
Covered by Roses
36%
Our Farewell
36%
The Cross
36%
Forsaken
34%
It's the Fear
34%
Candles
33%
Lost
31%
Enter Restless
31%
Caged
30%
Dark Wings
30%
Dog Days
30%
In Perfect Harmony
30%
Deceiver of Fools
28%
Never-ending Story
26%
Silver Moonlight
26%
Final Destination
25%
The Promise
25%
Edge of the World
23%
Pearls of Light
21%
Tell Me Why
21%
Blooded
20%
Gatekeeper
18%
Deep Within
16%
Grace
15%
The Unforgiving Why Not Me
5%
No matching quizzes found
Score Distribution
Percent of People with Each Score
Percentile by Number Answered
Your Score History
You have not taken this quiz